[Event "BSenEM 2014"]
[Site "Berlin"]
[Date "2014.02.01"]
[Round "3.58"]
[White "Kurbel, Horst Peter"]
[Black "Neculman, Mario"]
[Result "1-0"]
[WhiteElo "1652"]
[BlackElo "961"]
[Annotator "Jaeger,André"]
[PlyCount "35"]
[EventDate "2014.01.30"]
[WhiteTeam "FC Bayern München e.V."]
[BlackTeam "SC Schwarz-Weiß Lichtenrade e.V."]

1. d4 Nf6 2. c4 g6 3. Nc3 Bg7 4. e4 d6 5. f3 O-O 6. Be3 e5 7. Nge2 Nc6 8. d5
Ne7 9. Qd2 c6 10. O-O-O c5 11. Bh6 Bxh6 12. Qxh6 Nf5 13. exf5 Bxf5 14. g4 Nxg4
15. fxg4 Bxg4 16. Ne4 Qa5 17. Nf6+ Kh8 18. Qxh7# 1-0

[Event "BSenEM 2014"]
[Site "Berlin"]
[Date "2014.02.01"]
[Round "3.59"]
[White "Kuntosch, Peter"]
[Black "Schrodt, Horst"]
[Result "0-1"]
[WhiteElo "1200"]
[BlackElo "1594"]
[Annotator "Jaeger,André"]
[PlyCount "61"]
[EventDate "2014.01.30"]
[WhiteTeam "ohne Verein"]
[BlackTeam "SC Eintracht Berlin e.V."]

1. e4 c6 2. Nf3 d5 3. exd5 cxd5 4. d4 Nc6 5. h3 Nf6 6. Bb5 a6 7. Bxc6+ bxc6 8.
O-O e6 9. Bg5 Be7 10. Nbd2 O-O 11. Re1 h6 12. Bh4 Rb8 13. b3 Re8 14. Ne5 Bb7
15. Bg3 Bd6 16. Qf3 Rc8 17. c3 c5 18. Qd3 cxd4 19. cxd4 Bb4 20. Re2 Rc3 21. Qb1
Qc8 22. a3 Bxa3 23. Re1 Bb4 24. Nd3 a5 25. Nxb4 axb4 26. Ra4 Rc2 27. Ra2 Rxa2
28. Qxa2 Qc3 29. f3 Ra8 30. Nb1 Qxe1+ 31. Bxe1 0-1

[Event "BSenEM 2014"]
[Site "Berlin"]
[Date "2014.02.01"]
[Round "3.60"]
[White "Mueller, Erhard"]
[Black "Geist, Wolfgang"]
[Result "1-0"]
[WhiteElo "1629"]
[BlackElo "1359"]
[Annotator "Jaeger,André"]
[PlyCount "67"]
[EventDate "2014.01.30"]
[WhiteTeam "SG Wedding e.V."]
[BlackTeam "SC Weisse Dame e.V."]

1. d4 d5 2. Nf3 Nf6 3. Bg5 e6 4. e3 h6 5. Bh4 Be7 6. Bd3 Nbd7 7. O-O O-O 8. c4
c6 9. Nc3 dxc4 10. Bxc4 Nd5 11. Bg3 N7b6 12. Bb3 a5 13. e4 Nxc3 14. bxc3 a4 15.
Bc2 a3 16. Qd3 Nd7 17. Bf4 Bg5 18. Bg3 Be7 19. h4 f6 20. h5 Qe8 21. d5 e5 22.
Bb3 Kh8 23. Bd1 Nc5 24. Qe3 Bd6 25. Nh4 Kh7 26. Ng6 Rf7 27. Bh2 Kg8 28. Rb1 f5
29. Bxe5 Nxe4 30. Bxd6 Qd7 31. Bf4 Qd8 32. dxc6 bxc6 33. Bb3 Ba6 34. Rfd1 1-0

[Event "BSenEM 2014"]
[Site "Berlin"]
[Date "2014.02.01"]
[Round "3.61"]
[White "Pfueller, Volker"]
[Black "David, Heinz Dieter"]
[Result "1/2-1/2"]
[WhiteElo "1564"]
[BlackElo "1336"]
[Annotator "Jaeger,André"]
[PlyCount "40"]
[EventDate "2014.01.30"]
[WhiteTeam "SC Rochade e.V."]
[BlackTeam "SKV Bad Freienwalde/Oder e.V."]

1. b4 e5 2. Bb2 d6 3. c4 Nf6 4. e3 a6 5. Nf3 Be7 6. Be2 Nc6 7. a3 h6 8. O-O Nh7
9. d3 Bf6 10. Nbd2 Ng5 11. e4 Bg4 12. Nxg5 Bxe2 13. Nxf7 Bxd1 14. Nxd8 Be2 15.
Ne6 Kd7 16. Rfe1 Bg4 17. b5 axb5 18. d4 bxc4 19. Nxc4 b5 20. Nd2 Ne7 {
Rest unklar.} 1/2-1/2

[Event "BSenEM 2014"]
[Site "Berlin"]
[Date "2014.02.01"]
[Round "3.62"]
[White "Burkert, Wolfgang"]
[Black "Krawatzki, Armin"]
[Result "0-1"]
[WhiteElo "1345"]
[BlackElo "1479"]
[Annotator "Jaeger,André"]
[PlyCount "48"]
[EventDate "2014.01.30"]
[WhiteTeam "SG Weißensee 49 e.V."]
[BlackTeam "SVG Läufer Reinickendorf e.V."]

1. e4 e6 2. d4 d5 3. e5 c5 4. Nc3 Bd7 5. Nf3 Nc6 6. Be3 cxd4 7. Nxd4 Nxe5 8. f4
Nc6 9. Be2 Nf6 10. O-O Bb4 11. Nb1 a6 12. c3 Bd6 13. b4 O-O 14. a4 Qe7 15. Nxc6
Bxc6 16. Bd4 e5 17. fxe5 Bxe5 18. Bc5 Bd6 19. Bd4 Rae8 20. Bd3 Ne4 21. Re1 Qh4
22. Bxe4 Bxh2+ 23. Kf1 dxe4 24. Nd2 Qf4+ 0-1

[Event "BSenEM 2014"]
[Site "Berlin"]
[Date "2014.02.01"]
[Round "3.63"]
[White "Jiranek, Benno"]
[Black "Fey, Jens"]
[Result "1-0"]
[WhiteElo "1328"]
[BlackElo "1460"]
[Annotator "Jaeger,André"]
[PlyCount "43"]
[EventDate "2014.01.30"]
[WhiteTeam "SC Kreuzberg e.V."]
[BlackTeam "SK Tempelhof 1931 e.V."]

1. d4 d5 2. c4 e6 3. Nc3 Nf6 4. Nf3 Be7 5. Bf4 a6 6. cxd5 Nxd5 7. Nxd5 exd5 8.
a3 O-O 9. e3 c6 10. Qc2 Nd7 11. Bd3 Nf6 12. Ng5 h6 13. h4 Ne4 14. Bxe4 dxe4 15.
Qxe4 f5 16. Qd3 hxg5 17. hxg5 Be6 18. g6 Bd6 19. Qe2 Bxf4 20. Rh8+ Kxh8 21.
Qh5+ Kg8 22. Qh7# 1-0

[Event "BSenEM 2014"]
[Site "Berlin"]
[Date "2014.02.01"]
[Round "3.64"]
[White "Bensch, Wolfgang"]
[Black "Stiemerling, Karl Heinz"]
[Result "1-0"]
[WhiteElo "1410"]
[BlackElo "1313"]
[Annotator "Jaeger,André"]
[PlyCount "133"]
[EventDate "2014.01.30"]
[WhiteTeam "SC Eintracht Berlin e.V."]
[BlackTeam "SG Eckturm"]

1. e4 c5 2. Nf3 Nc6 3. Bc4 e6 4. c3 d5 5. exd5 exd5 6. Be2 Be6 7. O-O Bd6 8. d4
c4 9. Ng5 Nf6 10. Nxe6 fxe6 11. Bg5 Qc7 12. Bxf6 gxf6 13. Bh5+ Kd7 14. g3 Raf8
15. b4 b6 16. Na3 a6 17. Nc2 f5 18. f4 Rhg8 19. Qf3 Rg7 20. Rf2 Rf6 21. Ne3 Rh6
22. Ng2 Be7 23. Re1 Bf6 24. Rfe2 Nxd4 25. cxd4 Bxd4+ 26. Kh1 Qd6 27. a3 b5 28.
Rd1 Ba7 29. g4 fxg4 30. Bxg4 Rhg6 31. Rxd5 Rxg4 32. Rxd6+ Kxd6 33. Rd2+ Kc7 34.
Qe4 R4g6 35. Qe5+ Kc8 36. Qe4 Bb8 37. Qc6+ Bc7 38. Qxa6+ Kb8 39. Qxb5+ Ka7 40.
Qxc4 e5 41. fxe5 Rg4 42. Qe6 R4g6 43. Qc4 Bb6 44. b5 Be3 45. Qa4+ Kb8 46. Re2
Bb6 47. Qf4 Bc7 48. Qf3 h5 49. e6 Bd8 50. Qf8 Rf6 51. Qd6+ Bc7 52. Qd1 Re7 53.
Qb1 Bb6 54. Qa1 Rf8 55. a4 Kb7 56. a5 Bxa5 57. h3 Kb6 58. Ra2 Ra8 59. Qe5 Rd8
60. Rc2 Kb7 61. Qe4+ Kb8 62. Ne3 Rde8 63. Rc6 Rb7 64. Qc4 Rg8 65. Qc5 Rc7 66.
Nc4 Rxc6 67. Qxc6 1-0

[Event "BSenEM 2014"]
[Site "Berlin"]
[Date "2014.02.01"]
[Round "3.66"]
[White "Mackowiak, Manfred"]
[Black "Hackenberg, Ronald"]
[Result "1/2-1/2"]
[WhiteElo "1274"]
[BlackElo "1388"]
[Annotator "Jaeger,André"]
[PlyCount "95"]
[EventDate "2014.01.30"]
[WhiteTeam "SC Rochade e.V."]
[BlackTeam "SC Kreuzberg e.V."]

1. c4 g6 2. e4 Bg7 3. g3 c5 4. Bg2 Nc6 5. Nf3 d6 6. O-O Qb6 7. Nc3 Nf6 8. d3
Bg4 9. h3 Bxf3 10. Bxf3 Nd4 11. Rb1 O-O 12. Re1 Nd7 13. Nd5 Qd8 14. Bg2 e6 15.
Ne3 Ne5 16. f4 Nec6 17. a3 Rc8 18. b4 Rc7 19. b5 Na5 20. Bd2 Rd7 21. Qa4 b6 22.
Qd1 Nb7 23. a4 e5 24. Nd5 exf4 25. Bxf4 Ne6 26. Be3 Nc7 27. Nxc7 Qxc7 28. Kh2
Nd8 29. Qd2 Ne6 30. Bh6 Re8 31. Bxg7 Kxg7 32. Rf1 Rde7 33. Rf2 Nd4 34. Rbf1 f5
35. h4 fxe4 36. Bxe4 Ne6 37. Qe2 Rf8 38. Qg4 Rxf2+ 39. Rxf2 Rf7 40. Rxf7+ Qxf7
41. Bd5 Qf2+ 42. Kh3 Qf1+ 43. Bg2 Qe1 44. Qf3 Kh6 45. g4 Qe5 46. g5+ Kg7 47.
Qg3 Qxg3+ 48. Kxg3 {Rest unklar.} 1/2-1/2

[Event "BSenEM 2014"]
[Site "Berlin"]
[Date "2014.02.01"]
[Round "3.67"]
[White "Gnass, Erhard"]
[Black "Helm, Irmgard"]
[Result "1-0"]
[WhiteElo "1377"]
[BlackElo "1234"]
[Annotator "Jaeger,André"]
[PlyCount "85"]
[EventDate "2014.01.30"]
[WhiteTeam "SK Zehlendorf e.V."]
[BlackTeam "TSG Oberschöneweide e.V."]

1. Nf3 Nc6 2. d4 d5 3. g3 e6 4. Bg2 h6 5. O-O Nf6 6. c3 Be7 7. Re1 O-O 8. Nbd2
Bd7 9. a3 h5 10. h3 Nh7 11. Ne5 Nxe5 12. dxe5 Bc5 13. Nf3 f5 14. exf6 Nxf6 15.
Bg5 Be7 16. Ne5 Be8 17. Bf4 Nh7 18. e4 g5 19. Be3 Bf6 20. Bd4 b6 21. exd5 exd5
22. Nf3 c5 23. Bxf6 Rxf6 24. Qd2 Rf5 25. Re5 Rxe5 26. Nxe5 Bf7 27. Nxf7 Qe7 28.
Bxd5 Rf8 29. Nxg5+ Kh8 30. Nxh7 Qxh7 31. Qe3 Qg7 32. Re1 Qf6 33. Qe5 Kg7 34.
Qxf6+ Kxf6 35. h4 Rd8 36. c4 Rd6 37. a4 a6 38. b3 b5 39. Re3 bxc4 40. Bxc4 Rd1+
41. Kg2 a5 42. Re6+ Kf5 43. Rc6 1-0

[Event "BSenEM 2014"]
[Site "Berlin"]
[Date "2014.02.01"]
[Round "3.68"]
[White "Koppatsch, Juergen"]
[Black "Bolle, Dietrich"]
[Result "0-1"]
[WhiteElo "1134"]
[BlackElo "1371"]
[Annotator "Jaeger,André"]
[PlyCount "78"]
[EventDate "2014.01.30"]
[WhiteTeam "SV Motor Wildau e.V."]
[BlackTeam "SG Eckturm"]

1. e4 c5 2. Bc4 d6 3. Nf3 Nc6 4. Ng5 Ne5 5. Qe2 e6 6. d3 Be7 7. Nf3 Nxc4 8.
dxc4 Nf6 9. Nc3 O-O 10. O-O Bd7 11. Bf4 e5 12. Be3 Qc7 13. Bg5 Bc6 14. Rad1
Rfd8 15. Rd3 Ne8 16. Bc1 a6 17. a4 Qc8 18. Ne1 f5 19. Nd5 Bxd5 20. cxd5 f4 21.
g3 Bg5 22. Ng2 Nf6 23. gxf4 exf4 24. Bxf4 Bxf4 25. Nxf4 Ng4 26. Ne6 Ne5 27. Rg3
Rd7 28. f4 Ng6 29. f5 Ne5 30. Qg2 Qe8 31. Rxg7+ Kh8 32. Rf4 Qxe6 33. Rxd7 Qxd7
34. Kf2 Rg8 35. Qh3 Qxa4 36. Qc3 Qd4+ 37. Qe3 Rg2+ 38. Kf1 Qxe3 39. Kxg2 Qxf4
0-1